| 000 | 00643nam a2200253Ia 4500 | ||
|---|---|---|---|
| 003 | OSt | ||
| 005 | 20221005114039.0 | ||
| 006 | a|||||r|||| 00| 0 | ||
| 007 | ta | ||
| 008 | 221004b |||||||| |||| 00| 0 ita d | ||
| 024 | _a53609 | ||
| 037 | _cTextual | ||
| 040 |
_aCRL _cCRL _bita |
||
| 041 |
_2ita _aita |
||
| 082 | _aO121,3N07,1, 32K5 | ||
| 100 |
_aMoravia _9210136 |
||
| 245 | 0 | _aAmmayum kamukanum | |
| 260 | _c1965 | ||
| 300 |
_a160p. _ccm. |
||
| 650 |
_a ITALIAN LITERATURE _962212 |
||
| 650 |
_aITALIAN FICTION _9176875 |
||
| 942 |
_hO121,3N07,1, 32K5 _cTEXL _2cc |
||
| 999 |
_c1030094 _d1030094 |
||